000 01416nam a2200313Ia 4500
001 ebr10146622
003 CaPaEBR
006 m u
007 cr cn|||||||||
008 060302s2006 maua s 001 0 eng d
040 _aCaPaEBR
_cCaPaEBR
035 _a(OCoLC)567916075
050 1 4 _aHD69.P75
_bS26 2006eb
100 1 _aSanghera, Paul.
245 1 0 _aPMP in depth
_h[electronic resource] :
_bproject management professional study guide for PMP and CAPM exams /
_cPaul Sanghera.
246 3 0 _aProject management professional study guide for PMP and CAPM exams
246 3 _aCertified associate in project management exams
260 _aBoston :
_bThomson Course Technology,
_c2006.
300 _axix, 393 p. :
_bill.
500 _a"Based on the 3rd ed. of the PMBOK guide"--Frontcover.
500 _aIncludes index.
533 _aElectronic reproduction.
_bPalo Alto, Calif. :
_cebrary,
_d2013.
_nAvailable via World Wide Web.
_nAccess may be limited to ebrary affiliated libraries.
650 0 _aProject management
_vExaminations, questions, etc.
650 0 _aProject management
_xExaminations
_vStudy guides.
655 7 _aElectronic books.
_2local
710 2 _aebrary, Inc.
740 0 2 _aGuide to the project management body of knowledge (PMBOK guide).
856 4 0 _uhttp://site.ebrary.com/lib/rucke/Doc?id=10146622
_zAn electronic book accessible through the World Wide Web; click to view
999 _c190206
_d190206